000 00592nam a2200217 a 4500
001 BRCA_3970
005 20190320204510.0
008 140110s1950----gw-a######---#000-0#ger-#
041 _ager
044 _agw
050 4 _aN5265
_b.B47 1950
245 1 0 _aBerliner Sammler-Tradition.
260 _aBerlín
_bGroB-Berlín
_c1950
300 _a1 v. (sin paginación)
_bil., 8 láminas
_c22 cm.
500 _aCDE46
650 1 4 _aColeccionistas y colecciones
_910325
650 1 4 _aArte
_zBerlín
_910326
650 1 4 _aArte
_xColeccionistas y colecciones
_97445
902 _aGFM
942 _2lcc
_cB
999 _c3697
_d3697